[Event "Wch Seniors 21st"]
[Site "Rijeka"]
[Date "2011.11.23"]
[Round "8"]
[White "Katalymov, Boris N"]
[Black "Batakovs, Olegs N"]
[Result "1-0"]
[WhiteElo "2374"]
[BlackElo "2085"]
[PlyCount "59"]
[EventDate "2011.11.15"]
[EventType "swiss"]
[EventRounds "11"]
[EventCountry "CRO"]
[SourceTitle "CBM 145 Extra"]
[Source "ChessBase"]
[SourceDate "2012.01.03"]
[SourceVersion "1"]
[SourceVersionDate "2012.01.03"]
[SourceQuality "1"]

1. d4 Nf6 2. c4 g6 3. Nc3 Bg7 4. e4 d6 5. h3 0-0 6. Nge2 e5 7. d5 Nbd7 8. g4 Nc5 9. Ng3 a5 10. Be3 b6 11. Qd2 Bd7 12. 0-0-0 Ne8 13. Be2 Bf6 14. Rdg1 Kh8 15. g5 Be7 16. h4 Rg8 17. f4 f5 18. h5 fxe4 19. Ngxe4 Rg7 20. hxg6 Rxg6 21. Nxc5 bxc5 22. Bd3 exf4 23. Bxg6 fxe3 24. Rxh7+ Kg8 25. Rh8+ Kg7 26. Qh2 Bxg5 27. Qh7+ Kf6 28. Rf8+ Ke5 29. Qh2+ Kd4 30. Rf4+ 1-0

[Event "Wch Seniors 21st"]
[Site "Rijeka"]
[Date "2011.11.19"]
[Round "5"]
[White "Katalymov, Boris N"]
[Black "Frick, Christoph"]
[Result "1-0"]
[WhiteElo "2374"]
[BlackElo "2218"]
[PlyCount "108"]
[EventDate "2011.11.15"]
[EventType "swiss"]
[EventRounds "11"]
[EventCountry "CRO"]
[SourceTitle "CBM 145 Extra"]
[Source "ChessBase"]
[SourceDate "2012.01.03"]
[SourceVersion "1"]
[SourceVersionDate "2012.01.03"]
[SourceQuality "1"]

1. d4 g6 2. e4 Bg7 3. c4 d6 4. Nc3 Nc6 5. d5 Ne5 6. f4 Nd7 7. Qc2 Ngf6 8. Nf3 Nc5 9. Be3 Nfxe4 10. Bd4 Nf6 11. b4 Bf5 12. Qb2 Nd3+ 13. Bxd3 Bxd3 14. 0-0-0 Bxc4 15. Nd2 Bd3 16. g4 0-0 17. Nb3 Bc4 18. Na5 b5 19. h4 e5 20. fxe5 Nxg4 21. exd6 Ne5 22. Nc6 Nxc6 23. Bxg7 Kxg7 24. dxc6 Qf6 25. Ne4 Qxb2+ 26. Kxb2 Be2 27. d7 Bxd1 28. Rxd1 Rfd8 29. Nc5 a6 30. Re1 Kf8 31. a4 h6 32. Nb7 Rdb8 33. axb5 axb5 34. Re5 f5 35. h5 Kf7 36. Rxb5 f4 37. Rd5 g5 38. b5 Ke6 39. Rd1 f3 40. b6 Ra6 41. Nc5+ Ke7 42. Re1+ Kd6 43. Nxa6 Rxb6+ 44. Nb4 Rxb4+ 45. Kc3 Rb8 46. Re8 Kxc6 47. Rxb8 Kxd7 48. Kd3 Ke6 49. Ke3 g4 50. Rg8 Kf5 51. Rg6 c5 52. Rxh6 Kg5 53. Rc6 Kxh5 54. Rxc5+ Kh4 1-0

[Event "New Delhi Parsvnath op 7th"]
[Site "New Delhi"]
[Date "2009.01.15"]
[Round "6"]
[White "Ganguly, Surya Shekhar"]
[Black "Katalymov, Boris N"]
[Result "1-0"]
[WhiteElo "2614"]
[BlackElo "2367"]
[PlyCount "105"]
[EventDate "2009.01.11"]
[EventType "swiss"]
[EventRounds "10"]
[EventCountry "IND"]
[SourceTitle "CBM 128 Extra"]
[Source "ChessBase"]
[SourceDate "2009.03.05"]
[SourceVersion "2"]
[SourceVersionDate "2009.03.25"]
[SourceQuality "1"]

1. e4 e6 2. d4 d5 3. Nc3 Bb4 4. e5 c5 5. a3 Bxc3+ 6. bxc3 Qc7 7. Qg4 f5 8. Qh5+ Qf7 9. Qd1 Ne7 10. Nf3 0-0 11. Be2 Nec6 12. h4 b6 13. Ng5 Qe7 14. Bh5 Bd7 15. Nxh7 cxd4 16. Nxf8 Qxf8 17. cxd4 Ne7 18. Be2 Ba4 19. Qd2 Nbc6 20. h5 Kh7 21. f3 Rc8 22. Ra2 Na5 23. g4 Bb3 24. Rb2 Bc4 25. g5 Bxe2 26. Qxe2 Nec6 27. g6+ Kg8 28. Qd3 Nc4 29. Rb1 f4 30. Rh4 Ne7 31. Rxf4 Nf5 32. Kf2 Qe7 33. Rg4 Rf8 34. Bg5 Qxa3 35. Qxa3 Nxa3 36. Ra1 Nb5 37. c3 Ra8 38. Rh1 Rc8 39. h6 gxh6 40. Rxh6 Nxh6 41. Bxh6 Kh8 42. Bf8 Nxc3 43. g7+ Kg8 44. Rh4 Rxf8 45. gxf8Q+ Kxf8 46. Rh8+ Kg7 47. Rb8 Nb5 48. Ke3 Kf7 49. Rb7+ Ke8 50. f4 Kd8 51. f5 exf5 52. e6 Ke8 53. Kf4 1-0

[Event "Izmailov Memorial op 10th"]
[Site "Tomsk"]
[Date "2006.07.14"]
[Round "3"]
[White "Katalymov, Boris N"]
[Black "Lysyj, Igor"]
[Result "0-1"]
[WhiteElo "2390"]
[BlackElo "2547"]
[PlyCount "72"]
[EventDate "2006.07.12"]
[EventType "swiss"]
[EventRounds "9"]
[EventCountry "RUS"]
[SourceTitle "EXT 2008"]
[Source "ChessBase"]
[SourceDate "2007.11.25"]
[SourceVersion "1"]
[SourceVersionDate "2007.11.25"]
[SourceQuality "1"]

1. e4 e6 2. d4 d5 3. Nc3 dxe4 4. Nxe4 Nd7 5. Bd3 Ngf6 6. Qe2 c5 7. Be3 Nd5 8. c4 Nxe3 9. fxe3 cxd4 10. exd4 Bb4+ 11. Kf1 0-0 12. c5 e5 13. a3 Ba5 14. b4 Bc7 15. d5 f5 16. Nf2 e4 17. Bc4 Be5 18. Rd1 Kh8 19. h4 Nf6 20. h5 Bf4 21. Qb2 Bh6 22. Qd4 e3 23. Nd3 Ne4 24. Ne2 Qg5 25. d6 Bd7 26. Bd5 Ba4 27. Rc1 Nd2+ 28. Ke1 Bc6 29. Ndf4 Qg4 30. Bxc6 bxc6 31. Rc3 Ne4 32. Rf1 Nxc3 33. Qxc3 Rae8 34. b5 Re4 35. g3 Rb8 36. d7 Bxf4 0-1

[Event "Wch Seniors 13th"]
[Site "Bad Zwischenahn"]
[Date "2003.11.21"]
[Round "5"]
[White "Lentze, Ingo"]
[Black "Katalymov, Boris N"]
[Result "0-1"]
[WhiteElo "2070"]
[BlackElo "2404"]
[PlyCount "76"]
[EventDate "2003.11.16"]
[EventType "swiss"]
[EventRounds "11"]
[EventCountry "GER"]
[SourceTitle "CBM 097 Extra"]
[Source "ChessBase"]
[SourceDate "2004.01.13"]
[SourceVersion "1"]
[SourceVersionDate "2004.01.13"]
[SourceQuality "1"]

1. e4 c5 2. Nf3 Nc6 3. d4 cxd4 4. Nxd4 Nf6 5. Nc3 d6 6. Bc4 Bd7 7. 0-0 Rc8 8. Bb3 g6 9. Nd5 Bg7 10. Bg5 Nxd5 11. Nxc6 bxc6 12. exd5 h6 13. Be3 Bxb2 14. Rb1 Bg7 15. Bd4 0-0 16. Bxg7 Kxg7 17. Qd4+ Kh7 18. Qxa7 c5 19. Qa6 Bf5 20. Qe2 Rc7 21. Bc4 Ra7 22. Rfe1 Qa5 23. g4 Bc8 24. h3 f5 25. Rb5 Qa4 26. Rb3 fxg4 27. hxg4 Rf4 28. Rb8 Qxc4 29. Rxc8 Rxg4+ 30. Kf1 Kg7 31. Qxc4 Rxc4 32. Re8 Kf7 33. Rh8 Rd4 34. c4 Rxc4 35. Rh7+ Kf8 36. Re6 Rd4 37. Rxh6 Rxd5 38. Rexg6 Rxa2 0-1

[Event "Wch Seniors 13th"]
[Site "Bad Zwischenahn"]
[Date "2003.11.18"]
[Round "2"]
[White "Katalymov, Boris N"]
[Black "Limberg, Siegfried"]
[Result "1-0"]
[WhiteElo "2404"]
[BlackElo "2035"]
[PlyCount "61"]
[EventDate "2003.11.16"]
[EventType "swiss"]
[EventRounds "11"]
[EventCountry "GER"]
[SourceTitle "CBM 097 Extra"]
[Source "ChessBase"]
[SourceDate "2004.01.13"]
[SourceVersion "1"]
[SourceVersionDate "2004.01.13"]
[SourceQuality "1"]

1. e4 c5 2. Nf3 d6 3. d4 cxd4 4. Nxd4 Nf6 5. Nc3 a6 6. Be3 e6 7. Be2 Be7 8. 0-0 0-0 9. a4 b6 10. f4 Bb7 11. Bf3 Nbd7 12. e5 Bxf3 13. Qxf3 dxe5 14. Nc6 e4 15. Nxe4 Qe8 16. c4 Nxe4 17. Qxe4 Bc5 18. Rfe1 Rc8 19. Qf3 Bxe3+ 20. Rxe3 Nc5 21. Ne5 Nxa4 22. f5 f6 23. Nd3 e5 24. Qd5+ Kh8 25. Nf4 g6 26. fxg6 Nc5 27. b4 Qd8 28. Rh3 Rc7 29. Rd1 Qb8 30. Nh5 Nb7 31. g7+ 1-0

[Event "Wch Seniors 12th"]
[Site "Naumburg"]
[Date "2002.10.28"]
[Round "6"]
[White "Katalymov, Boris N"]
[Black "Bogorad, Michail"]
[Result "1-0"]
[WhiteElo "2378"]
[BlackElo "2197"]
[PlyCount "49"]
[EventDate "2002.10.21"]
[EventType "swiss"]
[EventRounds "11"]
[EventCountry "GER"]
[SourceTitle "EXT 2006"]
[Source "ChessBase"]
[SourceDate "2005.11.24"]
[SourceVersion "1"]
[SourceVersionDate "2005.11.24"]
[SourceQuality "1"]

1. e4 c5 2. Nf3 g6 3. d4 cxd4 4. Nxd4 Bg7 5. c4 Nc6 6. Be3 Nh6 7. Nc3 0-0 8. Be2 d6 9. Qd2 Ng4 10. Bxg4 Bxg4 11. 0-0 Qa5 12. f3 Bd7 13. Rf2 Rfc8 14. b3 Nxd4 15. Bxd4 Bxd4 16. Qxd4 Qc5 17. Qd2 Bc6 18. f4 a6 19. f5 Qe5 20. Raf1 Rf8 21. Nd5 Bxd5 22. exd5 Rae8 23. Re2 Qh8 24. Qe3 Qg7 25. f6 1-0

[Event "Wch Seniors 12th"]
[Site "Naumburg"]
[Date "2002.10.25"]
[Round "5"]
[White "Krieger, Hermann"]
[Black "Katalymov, Boris N"]
[Result "1/2-1/2"]
[WhiteElo "2237"]
[BlackElo "2378"]
[PlyCount "121"]
[EventDate "2002.10.21"]
[EventType "swiss"]
[EventRounds "11"]
[EventCountry "GER"]
[SourceTitle "EXT 2006"]
[Source "ChessBase"]
[SourceDate "2005.11.24"]
[SourceVersion "1"]
[SourceVersionDate "2005.11.24"]
[SourceQuality "1"]

1. e4 c5 2. Nf3 Nc6 3. d4 cxd4 4. Nxd4 Nf6 5. Nc3 d6 6. Bg5 Bd7 7. Qd2 Nxd4 8. Qxd4 Qa5 9. Bd2 e5 10. Qe3 a6 11. Bd3 Rc8 12. 0-0 h5 13. Kh1 h4 14. h3 Be7 15. f4 Qc5 16. Qxc5 Rxc5 17. Be3 Rc8 18. Kh2 Nh5 19. Nd5 exf4 20. Bxf4 Nxf4 21. Nxe7 Kxe7 22. Rxf4 g5 23. Rf2 g4 24. hxg4 Bxg4 25. Raf1 Be6 26. Rf3 Rc5 27. a4 Rh6 28. R1f2 a5 29. Rf4 Re5 30. c3 f6 31. Bb5 Rg5 32. Rd2 Rg4 33. Rxg4 Bxg4 34. b4 b6 35. Bc6 Rh8 36. Bd5 Rc8 37. c4 Bd7 38. bxa5 bxa5 39. Rb2 Rc7 40. Rb8 Bxa4 41. Rh8 Be8 42. Rxh4 a4 43. Rh7+ Kd8 44. Rh6 Ra7 45. Rxf6 a3 46. Rf1 Kc7 47. Kg3 Kb6 48. Kf4 Kc5 49. Ke3 Rg7 50. Rf2 Ba4 51. Kf4 Bb3 52. g4 Ra7 53. Rf1 Bxc4 54. Rc1 Ra4 55. Kf5 a2 56. Bxc4 Rxc4 57. Ra1 Rc2 58. g5 Rg2 59. Ke6 Kb4 60. Kxd6 Kb3 61. e5 1/2-1/2

[Event "Wch Seniors 12th"]
[Site "Naumburg"]
[Date "2002.10.21"]
[Round "1"]
[White "Katalymov, Boris N"]
[Black "Kuehn, Peter1111"]
[Result "1-0"]
[WhiteElo "2378"]
[BlackElo "2008"]
[PlyCount "97"]
[EventDate "2002.10.21"]
[EventType "swiss"]
[EventRounds "11"]
[EventCountry "GER"]
[SourceTitle "EXT 2006"]
[Source "ChessBase"]
[SourceDate "2005.11.24"]
[SourceVersion "1"]
[SourceVersionDate "2005.11.24"]
[SourceQuality "1"]

1. d4 f5 2. Nf3 e6 3. c4 Nf6 4. g3 Be7 5. Bg2 0-0 6. 0-0 d6 7. Nc3 a5 8. Re1 Ne4 9. Qc2 Nxc3 10. Qxc3 Nc6 11. e4 fxe4 12. Rxe4 e5 13. dxe5 Bf5 14. Re2 dxe5 15. Nxe5 Bb4 16. Nxc6 Qd1+ 17. Re1 Qxe1+ 18. Qxe1 Bxe1 19. Ne7+ Kh8 20. Be3 Bb4 21. Nxf5 Rxf5 22. Bxb7 Rd8 23. Bd5 Be7 24. Rb1 Rff8 25. Kg2 Rb8 26. h4 Bf6 27. b3 g6 28. a3 Bc3 29. b4 axb4 30. axb4 Kg7 31. b5 h5 32. Rb3 Ba5 33. Bc5 Rfe8 34. Rf3 Bb6 35. Rf7+ Kh8 36. Be7 Bd4 37. Kf1 Bc3 38. Bc5 Rbc8 39. Be7 Bb2 40. Kg2 Bd4 41. f4 Bc3 42. Kf3 Bb2 43. g4 hxg4+ 44. Kxg4 Rg8 45. Kg5 Rg7 46. Bf6 Bxf6+ 47. Rxf6 Re8 48. Rxg6 Re1 49. h5 1-0

[Event "RUS-Cup03"]
[Site "Tomsk"]
[Date "2002.07.09"]
[Round "2"]
[White "Katalymov, Boris N"]
[Black "Saveljev, Vladislav"]
[Result "0-1"]
[WhiteElo "2401"]
[BlackElo "2265"]
[PlyCount "144"]
[EventDate "2002.07.08"]
[EventType "swiss"]
[EventRounds "9"]
[EventCountry "RUS"]
[SourceTitle "CBM 089 Extra"]
[Source "ChessBase"]
[SourceDate "2002.09.10"]
[SourceVersion "2"]
[SourceVersionDate "2002.09.10"]
[SourceQuality "1"]

1. e4 e5 2. Nf3 Nc6 3. Bb5 a6 4. Ba4 Nf6 5. 0-0 b5 6. Bb3 Bb7 7. d4 Nxd4 8. Nxd4 exd4 9. e5 Ne4 10. c3 dxc3 11. Qf3 Qe7 12. Nxc3 Nc5 13. Nd5 Bxd5 14. Bxd5 Rb8 15. Be3 Ne6 16. Ba7 Rd8 17. Rac1 g6 18. Bxe6 Qxe6 19. Rxc7 Bg7 20. Bc5 Bxe5 21. Rb7 d6 22. Qc6+ Kf8 23. Ba3 Kg7 24. Qxa6 Qxa2 25. Qxb5 Rhe8 26. g3 Bf6 27. Rc1 Re7 28. Rb6 Re5 29. Qa6 Qe6 30. Qd3 Rd5 31. Qc2 Qh3 32. Qe4 Re5 33. Qg2 Qe6 34. Rf1 Re2 35. Qf3 Bd4 36. Rb7 Bf6 37. Rd1 Re8 38. Rxd6 Qe5 39. Rxf6 Qxf6 40. Bf8+ Rxf8 41. Qxe2 Rc8 42. Rb3 Rc1+ 43. Kg2 Qc6+ 44. Qf3 Qc4 45. Rd3 Rb1 46. Qe2 Qc6+ 47. f3 Qb6 48. Rd2 Rg1+ 49. Kh3 Qa5 50. g4 Qg5 51. Qg2 Rxg2 52. Rxg2 Qf4 53. Rf2 Kf6 54. Kg2 Kg5 55. Re2 Qd4 56. Kg3 Qd6+ 57. Kg2 f5 58. gxf5 gxf5 59. Rc2 Qd3 60. Rf2 Kf4 61. Rf1 Qd2+ 62. Rf2 Qc1 63. Re2 Qd1 64. Rf2 Ke3 65. b4 Qb1 66. f4 Qxb4 67. Rf3+ Ke4 68. Rf2 Qe1 69. h3 Ke3 70. Rf1 Qxf1+ 71. Kxf1 Kxf4 72. Kf2 h6 0-1

[Event "Novosibirsk op"]
[Site "Novosibirsk"]
[Date "2001.07.29"]
[Round "11"]
[White "Permiakov, Vladimir"]
[Black "Katalymov, Boris N"]
[Result "0-1"]
[WhiteElo "2345"]
[BlackElo "2424"]
[PlyCount "62"]
[EventDate "2001.07.18"]
[EventType "swiss"]
[EventRounds "11"]
[EventCountry "RUS"]
[SourceTitle "CBM 083 Extra"]
[Source "ChessBase"]
[SourceDate "2001.09.11"]
[SourceVersion "1"]
[SourceVersionDate "2001.09.11"]
[SourceQuality "1"]

1. Nf3 d5 2. g3 g6 3. Bg2 Bg7 4. d4 Nf6 5. c4 c6 6. cxd5 Nxd5 7. 0-0 0-0 8. e4 Nb6 9. h3 a5 10. Nc3 a4 11. Re1 Be6 12. Bf4 Ra5 13. Rc1 Na6 14. Kh2 Nb4 15. Qd2 Nc4 16. Qe2 Nd6 17. Bxd6 exd6 18. a3 Na2 19. Ra1 Nxc3 20. bxc3 Rh5 21. Rab1 b5 22. Ng1 Bc4 23. Qd1 f5 24. f4 fxe4 25. Bxe4 c5 26. Nf3 Qd7 27. h4 cxd4 28. cxd4 Qg4 29. Ng5 Rxf4 30. Qxg4 Rxg4 31. Bf3 Rgxg5 0-1

[Event "Novosibirsk op"]
[Site "Novosibirsk"]
[Date "2001.07.24"]
[Round "6"]
[White "Katalymov, Boris N"]
[Black "Ubiennykh, Ekaterina"]
[Result "0-1"]
[WhiteElo "2424"]
[BlackElo "2288"]
[PlyCount "72"]
[EventDate "2001.07.18"]
[EventType "swiss"]
[EventRounds "11"]
[EventCountry "RUS"]
[SourceTitle "CBM 083 Extra"]
[Source "ChessBase"]
[SourceDate "2001.09.11"]
[SourceVersion "1"]
[SourceVersionDate "2001.09.11"]
[SourceQuality "1"]

1. c4 Nf6 2. Nc3 e6 3. e4 d5 4. e5 Nfd7 5. cxd5 Nxe5 6. d4 Ng6 7. dxe6 Bxe6 8. d5 Bf5 9. h4 Bc5 10. h5 Qe7+ 11. Be2 Ne5 12. Kf1 0-0 13. g4 Bc8 14. f4 Ned7 15. h6 g5 16. Rh5 f6 17. Nh3 gxf4 18. Bxf4 Ne5 19. Ne4 Nxg4 20. Nxc5 Ne3+ 21. Bxe3 Qxe3 22. Qd3 Qxc5 23. Qg3+ Kf7 24. Qg7+ Ke8 25. Re1 Nd7 26. Nf4 Ne5 27. Bd3 Rf7 28. Rhxe5+ fxe5 29. Rxe5+ Re7 30. Bxh7 Qc1+ 31. Ke2 Qxb2+ 32. Kf3 Qxe5 33. Bg6+ Kd7 34. Qxe5 Rxe5 35. h7 Kd6 36. Bf7 Bf5 0-1

[Event "Novosibirsk op"]
[Site "Novosibirsk"]
[Date "2001.07.20"]
[Round "2"]
[White "Katalymov, Boris N"]
[Black "Pak, Kil En"]
[Result "0-1"]
[WhiteElo "2424"]
[BlackElo "2213"]
[PlyCount "73"]
[EventDate "2001.07.18"]
[EventType "swiss"]
[EventRounds "11"]
[EventCountry "RUS"]
[SourceTitle "CBM 083 Extra"]
[Source "ChessBase"]
[SourceDate "2001.09.11"]
[SourceVersion "1"]
[SourceVersionDate "2001.09.11"]
[SourceQuality "1"]

1. e4 c5 2. Nf3 e6 3. d4 cxd4 4. Nxd4 Nf6 5. Nc3 Bb4 6. Ndb5 d5 7. exd5 Nxd5 8. Bd2 Nxc3 9. Nxc3 0-0 10. a3 Be7 11. Bd3 Nd7 12. h4 Nc5 13. Bc4 a6 14. h5 Qd4 15. h6 g6 16. Qe2 b5 17. Ba2 Bb7 18. Be3 Qf6 19. Qg4 Rad8 20. 0-0 Rd7 21. Rad1 Rfd8 22. Rxd7 Rxd7 23. a4 Bc6 24. axb5 axb5 25. Ne2 Ne4 26. c3 Nd2 27. Re1 e5 28. Ng3 Qh4 29. Qxh4 Bxh4 30. Nf1 Nc4 31. Bxc4 bxc4 32. Nd2 Bd5 33. Ra1 f5 34. g3 Bf6 35. Kf1 g5 36. Ke2 f4 37. Bc5 0-1

[Event "RUS-Cup06"]
[Site "Tomsk"]
[Date "2001.06.30"]
[Round "1"]
[White "Katalymov, Boris N"]
[Black "Nebolsina, Vera"]
[Result "1-0"]
[WhiteElo "2424"]
[BlackElo "2063"]
[PlyCount "59"]
[EventDate "2001.06.30"]
[EventType "swiss"]
[EventRounds "9"]
[EventCountry "RUS"]
[SourceTitle "CBM 083 Extra"]
[Source "ChessBase"]
[SourceDate "2001.09.11"]
[SourceVersion "1"]
[SourceVersionDate "2001.09.11"]
[SourceQuality "1"]

1. e4 e5 2. Nf3 Nf6 3. Nc3 Nc6 4. Bb5 Nd4 5. Bd3 Nxf3+ 6. Qxf3 d6 7. Bc4 Be7 8. d3 0-0 9. Rg1 Bg4 10. Qe3 Nh5 11. h3 Be6 12. Qf3 g6 13. Bh6 Ng7 14. Qe3 c6 15. Bxe6 fxe6 16. g3 d5 17. Nd1 d4 18. Qd2 Qb6 19. Kf1 Rf7 20. Kg2 Ne8 21. Rf1 Nd6 22. h4 Qd8 23. f3 Ne8 24. Nf2 Kh8 25. Ng4 Qd6 26. f4 exf4 27. Bxf4 Qd8 28. Be5+ Nf6 29. Nxf6 Bxf6 30. Rxf6 1-0

[Event "Wch Seniors 09th"]
[Site "Gladenbach"]
[Date "1999.11.20"]
[Round "11"]
[White "Klovans, Janis"]
[Black "Katalymov, Boris N"]
[Result "1-0"]
[WhiteElo "2470"]
[BlackElo "2407"]
[PlyCount "143"]
[EventDate "1999.11.07"]
[EventType "swiss"]
[EventRounds "11"]
[EventCountry "GER"]
[SourceTitle "EXT 2001"]
[Source "ChessBase"]
[SourceDate "2000.11.22"]
[SourceVersion "1"]
[SourceVersionDate "2000.11.22"]
[SourceQuality "1"]

1. e4 c5 2. Nf3 d6 3. d4 cxd4 4. Nxd4 Nf6 5. Nc3 a6 6. Be2 e5 7. Nb3 Nbd7 8. a4 b6 9. Be3 Bb7 10. f3 Be7 11. 0-0 0-0 12. Qd2 Rc8 13. Rfd1 Rc7 14. Nc1 Qa8 15. N1a2 Re8 16. Rac1 Nc5 17. Nb4 a5 18. Nbd5 Nxd5 19. exd5 Rf8 20. f4 Bf6 21. Nb5 Rd7 22. Bg4 Rdd8 23. b3 Qb8 24. Re1 Rfe8 25. Rcd1 Ba6 26. Nc3 Qc7 27. fxe5 Bxe5 28. Bd4 f6 29. Bxe5 fxe5 30. Be2 Bc8 31. Nb5 Qe7 32. Rf1 Bd7 33. Na3 Rf8 34. Nc4 Bf5 35. Rf3 Be4 36. Rxf8+ Rxf8 37. Rf1 Rd8 38. Bf3 Bg6 39. Bg4 Qc7 40. Qf2 h6 41. h4 Kh8 42. h5 Be4 43. Be6 Qb8 44. Qg3 Rf8 45. Rf2 Qa8 46. Ne3 Bh7 47. Bf5 Bg8 48. Bg6 Nd7 49. Rxf8 Qxf8 50. Qf2 Qd8 51. Qf5 Nf6 52. c4 Nd7 53. Qf3 Nc5 54. Nf5 Qf6 55. Kh2 Bh7 56. Qg3 Bg8 57. Nh4 Bh7 58. Kh3 Qf1 59. Bxh7 Qh1+ 60. Kg4 Kxh7 61. Qf3 Qb1 62. Qf5+ Qxf5+ 63. Nxf5 Nxb3 64. Nxd6 Nc5 65. Nc8 Nd7 66. d6 g5 67. Nxb6 Nxb6 68. c5 Nd5 69. c6 e4 70. d7 e3 71. d8Q e2 72. Qd7+ 1-0

[Event "Wch Seniors 09th"]
[Site "Gladenbach"]
[Date "1999.11.18"]
[Round "9"]
[White "Shabanov, Yuri"]
[Black "Katalymov, Boris N"]
[Result "1/2-1/2"]
[WhiteElo "2503"]
[BlackElo "2407"]
[PlyCount "142"]
[EventDate "1999.11.07"]
[EventType "swiss"]
[EventRounds "11"]
[EventCountry "GER"]
[SourceTitle "EXT 2001"]
[Source "ChessBase"]
[SourceDate "2000.11.22"]
[SourceVersion "1"]
[SourceVersionDate "2000.11.22"]
[SourceQuality "1"]

1. e4 e5 2. Nf3 Nc6 3. Nc3 Nf6 4. Bb5 Bb4 5. 0-0 0-0 6. d3 Bxc3 7. bxc3 d6 8. Bg5 h6 9. Bh4 Re8 10. Qd2 Bd7 11. Rfe1 a6 12. Ba4 b5 13. Bb3 Na5 14. h3 Nxb3 15. cxb3 Re6 16. b4 Kh8 17. d4 exd4 18. Qxd4 Be8 19. Rad1 Qc8 20. e5 c5 21. Qd2 dxe5 22. Nxe5 cxb4 23. cxb4 Nd7 24. Ng4 Nf8 25. Rxe6 Qxe6 26. Re1 Qf5 27. Bg3 Ng6 28. Qd6 Qd7 29. Qb6 Qd5 30. Ne3 Qe4 31. Qd6 Kh7 32. f3 Qc6 33. Qd4 Bd7 34. Nd5 Be6 35. Nc7 Rc8 36. Nxe6 fxe6 37. Qe3 Nf8 38. Rd1 Qc2 39. Re1 Qxa2 40. Qe4+ Kg8 41. Bd6 a5 42. Bxf8 Rxf8 43. bxa5 Qxa5 44. Qxe6+ Kh8 45. Rb1 Rb8 46. Qd6 Rc8 47. Kh2 Re8 48. Rb4 Qa3 49. f4 Qa5 50. f5 Qd8 51. Qxd8 Rxd8 52. Rxb5 Rd6 53. Kg3 g6 54. Kf4 gxf5 55. Kxf5 Kg7 56. Rb7+ Kf8 57. g4 Ra6 58. Kf4 Kg8 59. Re7 Kf8 60. Rd7 Kg8 61. Ke5 Ra3 62. h4 Rf3 63. Rd4 Kg7 64. Rd7+ Kg8 65. h5 Rf1 66. Rd6 Kg7 67. Rg6+ Kh7 68. Rf6 Re1+ 69. Kf5 Rf1+ 70. Ke6 Re1+ 71. Kf7 Re4 1/2-1/2

[Event "Wch Seniors 09th"]
[Site "Gladenbach"]
[Date "1999.11.11"]
[Round "4"]
[White "Ousatchi, Mark"]
[Black "Katalymov, Boris N"]
[Result "0-1"]
[WhiteElo "2232"]
[BlackElo "2407"]
[PlyCount "176"]
[EventDate "1999.11.07"]
[EventType "swiss"]
[EventRounds "11"]
[EventCountry "GER"]
[SourceTitle "EXT 2001"]
[Source "ChessBase"]
[SourceDate "2000.11.22"]
[SourceVersion "1"]
[SourceVersionDate "2000.11.22"]
[SourceQuality "1"]

1. d4 e6 2. c4 f5 3. g3 d5 4. Bg2 c6 5. Nd2 Bd6 6. Qc2 Ne7 7. Ndf3 0-0 8. Nh3 Ng6 9. Nf4 Qe8 10. h4 Nd7 11. Nxg6 Qxg6 12. h5 Qe8 13. Bf4 Bb4+ 14. Kf1 Be7 15. h6 g6 16. Rd1 Qd8 17. Qc1 a5 18. Kg1 a4 19. Rd3 Nf6 20. Be5 dxc4 21. Qxc4 Qd5 22. Qxd5 exd5 23. Bxf6 Bxf6 24. Ne5 Bxe5 25. dxe5 f4 26. gxf4 Rxf4 27. e3 Rb4 28. Rd2 a3 29. bxa3 Rxa3 30. e4 d4 31. Kh2 g5 32. f4 gxf4 33. Rf1 Rg3 34. Rxf4 Rg6 35. Rf6 Rxf6 36. exf6 Kf7 37. Kg3 Kxf6 38. Kf4 Be6 39. e5+ Ke7 40. Be4 d3 41. Ke3 Rb5 42. Kd4 Ra5 43. Bxh7 c5+ 44. Kxd3 Ra3+ 45. Ke2 Rh3 46. Be4 Rxh6 47. Ke3 Rh3+ 48. Kf4 Rh4+ 49. Kf3 b5 50. Rg2 b4 51. Rg7+ Kd8 52. Rg6 Bxa2 53. Rd6+ Ke7 54. Rc6 c4 55. Bf5 c3 56. Rc7+ Kf8 57. e6 Rh6 58. e7+ Kf7 59. Ke3 Bd5 60. Kd4 Bc6 61. Bc2 Be8 62. Bb3+ Kf6 63. Rb7 Rh2 64. Rxb4 c2 65. Rb6+ Kg7 66. Bxc2 Rxc2 67. Re6 Kf7 68. Re1 Rc6 69. Kd5 Ra6 70. Kc5 Bd7 71. e8Q+ Bxe8 72. Re3 Bd7 73. Re1 Be6 74. Kb5 Rd6 75. Kc5 Rd5+ 76. Kb4 Ke7 77. Rh1 Kd6 78. Rh6 Rd3 79. Rg6 Rb3+ 80. Ka4 Rb8 81. Ka3 Ke5 82. Rh6 Bc4 83. Rh4 Kd5 84. Rg4 Kc5 85. Rh4 Rb3+ 86. Ka4 Rg3 87. Rh5+ Bd5 88. Rf5 Rg8 0-1

[Event "Wch Seniors 09th"]
[Site "Gladenbach"]
[Date "1999.11.10"]
[Round "3"]
[White "Katalymov, Boris N"]
[Black "Maugg, Ludwig"]
[Result "1-0"]
[WhiteElo "2407"]
[BlackElo "2160"]
[PlyCount "71"]
[EventDate "1999.11.07"]
[EventType "swiss"]
[EventRounds "11"]
[EventCountry "GER"]
[SourceTitle "EXT 2001"]
[Source "ChessBase"]
[SourceDate "2000.11.22"]
[SourceVersion "1"]
[SourceVersionDate "2000.11.22"]
[SourceQuality "1"]

1. e4 c5 2. Nf3 Nc6 3. d4 cxd4 4. Nxd4 Nf6 5. Nc3 e5 6. Ndb5 d6 7. Bg5 a6 8. Na3 b5 9. Bxf6 gxf6 10. Nd5 f5 11. Qd3 Bg7 12. exf5 0-0 13. 0-0-0 Nd4 14. g4 Bb7 15. Bg2 Rc8 16. Kb1 Bxd5 17. Bxd5 Rc5 18. Qe4 b4 19. Nc4 Qc7 20. Ne3 Rc8 21. g5 Nxc2 22. f6 Nd4 23. Nf5 Bf8 24. Nxd4 exd4 25. f4 Kh8 26. h4 a5 27. h5 a4 28. g6 Rc2 29. Bxf7 a3 30. g7+ Bxg7 31. fxg7+ Kxg7 32. Rhg1+ Kf8 33. Rg8+ Kxf7 34. Qxh7+ Ke6 35. Re1+ Kd5 36. Qe4+ 1-0